| 000 | 00779 am a2200241ua 4500 | ||
|---|---|---|---|
| 001 | 010114850 | ||
| 005 | 20140302114228.0 | ||
| 008 | 850805t1984 xxua grb 001 0 eng d | ||
| 020 | _a086094154X | ||
| 040 |
_aUk _cUk |
||
| 043 | _ae-uk--- | ||
| 082 | 0 | 4 |
_a658.8780941 _222 _bGAY |
| 100 | 1 |
_aGayler, Hugh J. _935104 |
|
| 245 | 1 | 0 |
_aRetail innovation in Britain : _bthe problems of out-of-town shopping centre development / _cHugh J. Gayler. |
| 260 |
_aNorwich, United States : _bGeo Books, _cc.1984. |
||
| 300 |
_aiv, 143 p. : _btables ; _c24 cm. |
||
| 500 | _aIndex : p.141-143. | ||
| 504 | _aBibliography : p 133-140. | ||
| 650 | 0 |
_aSupermarkets _zGreat Britain _935105 |
|
| 653 |
_bGGEN _cFebruary2014 |
||
| 655 |
_vreading book _934232 |
||
| 942 |
_2ddc _k658.8780941 GAY |
||
| 999 |
_c18043 _d18015 |
||